[Event "Deutsche Ländermeisterschaft 2022"]
[Site "Wiesbaden GER"]
[Date "2022.10.04"]
[Round "7"]
[White "Braun, Julian"]
[Black "Mukazhanov, Mansur"]
[Result "1/2-1/2"]
[Termination "normal"]
[Board "7.5"]
[WhiteElo "1715"]
[BlackElo "1319"]
[WhiteClock "00:19:27"]
[BlackClock "01:18:07"]
[WhiteTeam "Hamburg"]
[BlackTeam "Saarland"]
[PlyCount "68"]
[WhiteFideId "16289293"]
[BlackFideId "13752324"]
[EventCountry "GER"]
[EventRounds "7"]
[EventType "team-swiss"]
[EventDate "2022.09.30"]

1. e4 {[%clk 1:30:59]} e6 {[%clk 1:30:47]} 2. d4 {[%clk 1:31:28]} d5 {[%clk
1:31:12]} 3. Nd2 {[%clk 1:31:54]} c5 {[%clk 1:31:38]} 4. Ngf3 {[%clk 1:32:19]}
Nc6 {[%clk 1:32:00]} 5. exd5 {[%clk 1:32:43]} Qxd5 {[%clk 1:31:58]} 6. Bc4
{[%clk 1:33:11]} Qd8 {[%clk 1:32:18]} 7. O-O {[%clk 1:33:15]} Nf6 {[%clk
1:32:43]} 8. dxc5 {[%clk 1:33:08]} Bxc5 {[%clk 1:32:58]} 9. a3 {[%clk 1:33:28]}
O-O {[%clk 1:33:23]} 10. b4 {[%clk 1:33:32]} Be7 {[%clk 1:33:25]} 11. Bb2
{[%clk 1:33:51]} a6 {[%clk 1:33:26]} 12. Qe2 {[%clk 1:33:11]} b6 {[%clk
1:33:36]} 13. Rad1 {[%clk 1:32:33]} Qc7 {[%clk 1:33:54]} 14. Ne4 {[%clk
1:27:46]} Qf4 {[%clk 1:32:55]} 15. Nxf6+ {[%clk 1:23:20]} Bxf6 {[%clk 1:33:18]}
16. Bxf6 {[%clk 1:17:20]} Qxf6 {[%clk 1:33:17]} 17. Qe4 {[%clk 1:16:35]} Bb7
{[%clk 1:32:35]} 18. Rd7 {[%clk 1:15:41]} Rab8 {[%clk 1:33:01]} 19. Rxb7 {[%clk
1:15:08]} Rxb7 {[%clk 1:33:24]} 20. Qxc6 {[%clk 1:15:25]} Rbb8 {[%clk 1:33:49]}
21. Bxa6 {[%clk 1:14:08]} Rfd8 {[%clk 1:33:35]} 22. Bd3 {[%clk 1:12:09]} h6
{[%clk 1:28:15]} 23. Qe4 {[%clk 1:10:41]} Ra8 {[%clk 1:27:35]} 24. Ne5 {[%clk
1:08:28]} g6 {[%clk 1:25:48]} 25. Nc6 {[%clk 0:52:47]} Rf8 {[%clk 1:25:26]} 26.
Qe3 {[%clk 0:49:42]} Rxa3 {[%clk 1:21:55]} 27. Qxh6 {[%clk 0:48:38]} Rfa8
{[%clk 1:21:28]} 28. b5 {[%clk 0:41:49]} Ra1 {[%clk 1:18:46]} 29. g4 {[%clk
0:38:53]} e5 {[%clk 1:18:45]} 30. g5 {[%clk 0:37:55]} Qd6 {[%clk 1:19:00]} 31.
Rxa1 {[%clk 0:33:38]} Rxa1+ {[%clk 1:19:06]} 32. Kg2 {[%clk 0:34:05]} Rd1
{[%clk 1:17:39]} 33. Be4 {[%clk 0:19:28]} Rg1+ {[%clk 1:17:41]} 34. Kxg1 {[%clk
0:19:27]} Qd1+ {[%clk 1:18:07]} 1/2-1/2

[Event "Deutsche Ländermeisterschaft 2022"]
[Site "Wiesbaden GER"]
[Date "2022.10.04"]
[Round "7"]
[White "Huppert, Anna"]
[Black "Kellner, Anton"]
[Result "1-0"]
[Termination "normal"]
[Board "7.6"]
[WhiteElo "1417"]
[BlackElo "1382"]
[WhiteClock "00:05:59"]
[BlackClock "00:19:03"]
[WhiteTeam "Saarland"]
[BlackTeam "Hamburg"]
[PlyCount "115"]
[WhiteFideId "16214439"]
[BlackFideId "16293185"]
[EventCountry "GER"]
[EventRounds "7"]
[EventType "team-swiss"]
[EventDate "2022.09.30"]

1. e4 {[%clk 1:30:58]} c5 {[%clk 1:30:56]} 2. Nc3 {[%clk 1:31:18]} e6 {[%clk
1:30:22]} 3. f4 {[%clk 1:27:19]} d5 {[%clk 1:30:39]} 4. e5 {[%clk 1:20:08]} Nc6
{[%clk 1:29:23]} 5. Bb5 {[%clk 1:11:21]} Bd7 {[%clk 1:29:41]} 6. Bxc6 {[%clk
1:09:28]} Bxc6 {[%clk 1:30:00]} 7. d3 {[%clk 1:08:04]} Nh6 {[%clk 1:28:32]} 8.
Nf3 {[%clk 1:01:41]} Be7 {[%clk 1:27:31]} 9. O-O {[%clk 0:59:28]} O-O {[%clk
1:24:57]} 10. Ng5 {[%clk 0:48:55]} Bxg5 {[%clk 1:19:53]} 11. fxg5 {[%clk
0:49:09]} Nf5 {[%clk 1:20:15]} 12. Rf3 {[%clk 0:38:33]} d4 {[%clk 1:14:12]} 13.
Ne4 {[%clk 0:34:04]} Bxe4 {[%clk 1:07:12]} 14. dxe4 {[%clk 0:33:32]} Ne3 {[%clk
0:56:33]} 15. Bxe3 {[%clk 0:31:51]} dxe3 {[%clk 0:56:53]} 16. Qxd8 {[%clk
0:31:50]} Rfxd8 {[%clk 0:57:12]} 17. Kf1 {[%clk 0:31:24]} Rd2 {[%clk 0:55:31]}
18. Rc1 {[%clk 0:24:50]} e2+ {[%clk 0:49:02]} 19. Ke1 {[%clk 0:24:36]} Rad8
{[%clk 0:42:22]} 20. Rd3 {[%clk 0:24:11]} R2xd3 {[%clk 0:42:26]} 21. cxd3
{[%clk 0:24:24]} Rxd3 {[%clk 0:42:34]} 22. Kxe2 {[%clk 0:24:31]} Rd4 {[%clk
0:40:25]} 23. Rxc5 {[%clk 0:24:23]} Kf8 {[%clk 0:38:45]} 24. Rc8+ {[%clk
0:21:00]} Ke7 {[%clk 0:39:02]} 25. Ke3 {[%clk 0:20:01]} Rd8 {[%clk 0:35:50]}
26. Rc7+ {[%clk 0:20:23]} Rd7 {[%clk 0:36:12]} 27. Rc8 {[%clk 0:20:49]} Rd8
{[%clk 0:35:53]} 28. Rxd8 {[%clk 0:21:00]} Kxd8 {[%clk 0:36:18]} 29. Kd4 {[%clk
0:21:25]} Kd7 {[%clk 0:35:45]} 30. Kc5 {[%clk 0:21:16]} Kc7 {[%clk 0:30:59]}
31. b4 {[%clk 0:19:38]} b6+ {[%clk 0:27:41]} 32. Kb5 {[%clk 0:19:15]} Kb7
{[%clk 0:27:29]} 33. a4 {[%clk 0:18:30]} a6+ {[%clk 0:25:50]} 34. Kc4 {[%clk
0:18:53]} Kc6 {[%clk 0:23:51]} 35. a5 {[%clk 0:08:28]} Kb7 {[%clk 0:21:15]} 36.
g3 {[%clk 0:06:05]} h6 {[%clk 0:19:37]} 37. gxh6 {[%clk 0:05:20]} gxh6 {[%clk
0:20:01]} 38. g4 {[%clk 0:05:38]} Kc6 {[%clk 0:20:18]} 39. h4 {[%clk 0:04:32]}
Kc7 {[%clk 0:15:34]} 40. h5 {[%clk 0:04:45]} b5+ {[%clk 0:14:38]} 41. Kc5
{[%clk 0:04:51]} Kd7 {[%clk 0:14:54]} 42. g5 {[%clk 0:03:53]} Ke7 {[%clk
0:14:47]} 43. gxh6 {[%clk 0:04:04]} Kf8 {[%clk 0:15:10]} 44. Kb6 {[%clk
0:04:26]} Kg8 {[%clk 0:15:35]} 45. Kxa6 {[%clk 0:04:48]} Kh7 {[%clk 0:16:02]}
46. Kxb5 {[%clk 0:05:07]} Kxh6 {[%clk 0:16:23]} 47. a6 {[%clk 0:05:32]} Kxh5
{[%clk 0:16:42]} 48. a7 {[%clk 0:05:55]} Kg5 {[%clk 0:17:04]} 49. a8=Q {[%clk
0:06:15]} Kf4 {[%clk 0:17:20]} 50. Kc4 {[%clk 0:05:59]} Kxe5 {[%clk 0:17:39]}
51. Kd3 {[%clk 0:06:15]} f5 {[%clk 0:17:56]} 52. Qa5+ {[%clk 0:05:24]} Kf4
{[%clk 0:18:15]} 53. exf5 {[%clk 0:05:33]} exf5 {[%clk 0:18:36]} 54. Qd5 {[%clk
0:05:39]} Kg4 {[%clk 0:18:31]} 55. Ke3 {[%clk 0:05:06]} f4+ {[%clk 0:18:49]}
56. Kf2 {[%clk 0:05:20]} Kh4 {[%clk 0:18:44]} 57. Kf3 {[%clk 0:05:39]} Kh3
{[%clk 0:19:03]} 58. Qh5# {[%clk 0:05:59]} 1-0

[Event "Deutsche Ländermeisterschaft 2022"]
[Site "Wiesbaden GER"]
[Date "2022.10.04"]
[Round "7"]
[White "Modali, Nikhilamrutha"]
[Black "Alhassan, Jodi"]
[Result "1-0"]
[Termination "normal"]
[Board "7.7"]
[WhiteElo "1355"]
[BlackElo "1227"]
[WhiteClock "00:02:12"]
[BlackClock "00:00:33"]
[WhiteTeam "Hamburg"]
[BlackTeam "Saarland"]
[PlyCount "65"]
[WhiteFideId "16282370"]
[BlackFideId "16250460"]
[EventCountry "GER"]
[EventRounds "7"]
[EventType "team-swiss"]
[EventDate "2022.09.30"]

1. e4 {[%clk 1:30:58]} c5 {[%clk 1:30:53]} 2. Nf3 {[%clk 1:31:25]} d6 {[%clk
1:31:18]} 3. d4 {[%clk 1:31:52]} cxd4 {[%clk 1:31:42]} 4. Nxd4 {[%clk 1:32:18]}
Nf6 {[%clk 1:32:06]} 5. Nc3 {[%clk 1:32:45]} a6 {[%clk 1:32:31]} 6. f3 {[%clk
1:33:04]} e5 {[%clk 1:31:49]} 7. Nb3 {[%clk 1:33:11]} Be7 {[%clk 1:31:05]} 8.
Be3 {[%clk 1:31:52]} Be6 {[%clk 1:30:42]} 9. Qd2 {[%clk 1:31:05]} O-O {[%clk
1:30:34]} 10. O-O-O {[%clk 1:31:08]} Nbd7 {[%clk 1:29:29]} 11. g4 {[%clk
1:30:30]} b5 {[%clk 1:28:39]} 12. g5 {[%clk 1:30:42]} b4 {[%clk 1:25:25]} 13.
Ne2 {[%clk 1:30:25]} Ne8 {[%clk 1:09:56]} 14. Kb1 {[%clk 1:28:03]} a5 {[%clk
1:07:59]} 15. Nbc1 {[%clk 1:20:34]} Nb6 {[%clk 1:03:30]} 16. Ng3 {[%clk
1:09:00]} Rb8 {[%clk 0:39:57]} 17. f4 {[%clk 0:57:08]} exf4 {[%clk 0:37:29]}
18. Bxf4 {[%clk 0:56:30]} Na4 {[%clk 0:31:31]} 19. Ka1 {[%clk 0:51:28]} Nc5
{[%clk 0:21:14]} 20. Nb3 {[%clk 0:35:18]} Bxb3 {[%clk 0:16:34]} 21. cxb3 {[%clk
0:35:04]} a4 {[%clk 0:08:40]} 22. bxa4 {[%clk 0:32:27]} Nxa4 {[%clk 0:08:10]}
23. Nf5 {[%clk 0:29:59]} Nc5 {[%clk 0:05:17]} 24. Bg2 {[%clk 0:12:56]} Ne6
{[%clk 0:01:51]} 25. h4 {[%clk 0:07:49]} Nxf4 {[%clk 0:01:32]} 26. Qxf4 {[%clk
0:07:35]} Nc7 {[%clk 0:01:01]} 27. Nxd6 {[%clk 0:05:18]} Bxd6 {[%clk 0:00:50]}
28. Rxd6 {[%clk 0:05:04]} Qe7 {[%clk 0:00:44]} 29. Rhd1 {[%clk 0:04:21]} Ne6
{[%clk 0:00:50]} 30. Qe3 {[%clk 0:03:59]} Rfd8 {[%clk 0:00:50]} 31. e5 {[%clk
0:03:31]} g6 {[%clk 0:00:33]} 32. Qf2 {[%clk 0:02:12]} Qa7 33. Qxa7 1-0

[Event "Deutsche Ländermeisterschaft 2022"]
[Site "Wiesbaden GER"]
[Date "2022.10.04"]
[Round "7"]
[White "Altmeyer, Hannah"]
[Black "Abram, Kristina-Maria"]
[Result "0-1"]
[Termination "normal"]
[Board "7.8"]
[WhiteElo "728"]
[BlackElo "1158"]
[WhiteClock "01:02:17"]
[BlackClock "01:24:50"]
[WhiteTeam "Saarland"]
[BlackTeam "Hamburg"]
[PlyCount "34"]
[WhiteFideId "34623892"]
[BlackFideId "16298349"]
[EventCountry "GER"]
[EventRounds "7"]
[EventType "team-swiss"]
[EventDate "2022.09.30"]

1. e4 {[%clk 1:30:57]} d5 {[%clk 1:30:52]} 2. exd5 {[%clk 1:31:10]} Qxd5 {[%clk
1:31:15]} 3. Nc3 {[%clk 1:31:22]} Qa5 {[%clk 1:31:33]} 4. Nf3 {[%clk 1:30:54]}
Nf6 {[%clk 1:31:48]} 5. Bd3 {[%clk 1:28:45]} c6 {[%clk 1:31:34]} 6. O-O {[%clk
1:27:28]} Bg4 {[%clk 1:31:37]} 7. Be2 {[%clk 1:24:18]} e6 {[%clk 1:29:32]} 8.
a3 {[%clk 1:22:30]} Bd6 {[%clk 1:29:34]} 9. g3 {[%clk 1:18:05]} Bh3 {[%clk
1:29:25]} 10. Re1 {[%clk 1:16:24]} g5 {[%clk 1:28:38]} 11. Bf1 {[%clk 1:13:31]}
Bxf1 {[%clk 1:27:31]} 12. Kxf1 {[%clk 1:12:16]} h5 {[%clk 1:27:43]} 13. Kg2
{[%clk 1:10:35]} h4 {[%clk 1:27:43]} 14. d3 {[%clk 1:09:46]} hxg3 {[%clk
1:27:44]} 15. Bxg5 {[%clk 1:08:22]} Qf5 {[%clk 1:25:45]} 16. Kf1 {[%clk
1:03:30]} Rxh2 {[%clk 1:24:36]} 17. Nxh2 {[%clk 1:02:17]} Qxf2# {[%clk
1:24:50]} 0-1